| 000 | 00711nam a2200217 c 4500 | ||
|---|---|---|---|
| 001 | 190440 | ||
| 003 | ES-MaACL | ||
| 005 | 20260105063013.0 | ||
| 008 | 210330s2018 sp | |||| 001 0 spa | ||
| 020 | _a978-84-7112-910-9 | ||
| 080 | _a128 | ||
| 100 | 1 |
_aUrra Portillo, Javier, _d1957- _9171142 |
|
| 245 | 1 | 0 |
_aNostalgia del más allá / _cJavier Urra ; prólogo de Javier Sierra. |
| 264 | 1 |
_aSan Sebastián de los Reyes (Madrid) : _bMorata, _c[2018] |
|
| 500 | _aÍndice. | ||
| 650 | 7 |
_aMuerte _2embne _915241 |
|
| 700 | 1 |
_aSierra, Javier ( _d1971-) _9147835 |
|
| 852 | 4 |
_aES-MaACL _jA-14641 _9197617 _bR.152447 _cDEPO1 _dOlim: N-7641 _hDonacion: Editorial |
|
| 942 | _2udc | ||
| 999 |
_c190440 _d190440 |
||